Zpráva o stavbě Karlova mostu /

Main Author: Cihla, Michal, 1969-
Other Authors: Dragoun, Zdeněk, 1946-, Šefců, Ondřej, 1958-, Panáček, Michal, 1977-, Růžička, Petr, 1954-2023
Language: Czech
Published: Praha : nákladem Muzea Karlova mostu, 2016
Edition: Vydání druhé, doplněné a upravené
Subjects:
Physical Description: 99 stran : ilustrace (převážně barevné), plány, faksimile ; 21 x 30 cm
Book
Saved in:
LEADER 02640nam a2200673 i 4500
001 nkc20162790334
003 CZ PrNK
005 20161206090019.0
007 ta
008 160404s2016 xr aeh e f 000 0 cze
015 |a cnb002790334 
020 |a 978-80-260-9664-1  |q (brožováno) 
035 |a (OCoLC)951553936 
040 |a BOA001  |b cze  |e rda 
043 |a e-xr---  |b e-xr-pg  |2 czenas 
045 |a r-r- 
072 7 |a 69  |x Stavebnictví  |2 Konspekt  |9 19 
080 |a 624.2/.8  |2 MRF 
080 |a 725.95  |2 MRF 
080 |a 69:005.54  |2 MRF 
080 |a 721-022.52  |2 MRF 
080 |a (437.311)  |2 MRF 
080 |a (036)  |2 MRF 
080 |a (084.11)  |2 MRF 
100 1 |a Cihla, Michal,  |d 1969-  |7 mzk2006337012  |4 aut 
245 1 0 |a Zpráva o stavbě Karlova mostu /  |c autor: Michal Cihla ; odborná spolupráce Zdeněk Dragoun, Ondřej Šefců, Michal Panáček, Petr Růžička 
250 |a Vydání druhé, doplněné a upravené 
264 1 |a Praha :  |b nákladem Muzea Karlova mostu,  |c 2016 
300 |a 99 stran :  |b ilustrace (převážně barevné), plány, faksimile ;  |c 21 x 30 cm 
336 |a text  |b txt  |2 rdacontent 
337 |a bez média  |b n  |2 rdamedia 
338 |a svazek  |b nc  |2 rdacarrier 
504 |a Obsahuje bibliografii 
648 7 |a 14. století  |7 ch460552  |2 czenas 
650 0 7 |a mosty  |7 ph115357  |z Česko  |2 czenas 
650 0 7 |a mosty  |7 ph115357  |x dějiny  |2 czenas 
650 0 7 |a realizace staveb  |7 ph203156  |z Česko  |y 14. století  |2 czenas 
650 0 7 |a modely staveb  |7 ph341319  |z Česko  |2 czenas 
650 0 9 |a bridges  |z Czechia  |2 eczenas 
650 0 9 |a bridges  |x history  |2 eczenas 
650 0 9 |a buildings practice  |z Czechia  |y 14th century  |2 eczenas 
650 0 9 |a models of buildings  |z Czechia  |2 eczenas 
651 7 |a Karlův most (Praha, Česko)  |7 ge117667  |2 czenas 
651 9 |a Karlův most Bridge (Praha, Czechia)  |2 eczenas 
655 7 |a informační publikace  |7 fd132454  |2 czenas 
655 7 |a obrazové publikace  |7 fd132947  |2 czenas 
655 9 |a information publications  |2 eczenas 
655 9 |a pictorial works  |2 eczenas 
700 1 |a Dragoun, Zdeněk,  |d 1946-  |7 jn20000400530  |4 ctb 
700 1 |a Šefců, Ondřej,  |d 1958-  |7 jn20001005404  |4 ctb 
700 1 |a Panáček, Michal,  |d 1977-  |7 ola2013782634  |4 ctb 
700 1 |a Růžička, Petr,  |d 1954-2023  |7 js20060120084  |4 ctb 
910 2 |a BOA001  |b 4-1368.250 
928 9 |a Muzeum Karlova mostu 
990 |a BK 
995 |a 01 
991 |b 201605  |c NOV 
996 6 |b 2610670003  |c 4-1368.250  |l MZK  |r Sklad / do 1 hodiny  |n 0  |p p.v.  |w 001559744  |u 000010  |a 1  |e BOA001  |j MZK50  |s P 
996 7 |b 2610678874  |c 4-1368.250  |l MZK  |r Sklad / do 1 hodiny  |n 1  |p kup  |w 001559744  |u 000020  |a 1  |e BOA001  |j MZK50  |s A